000 00595nam a2200193 i 4500
001 90769
003 ES-MaACL
005 20230906180545.0
007 t|
008 050124s1957 sp ||||1| spa d
100 1 _aLeclercq, Jacques.
_971094
245 1 0 _aDiálogo del Hombre y de Dios /
_cJacques Leclercq ; traducido por Isabel Molina Pico.
260 _a[Pamplona] :
_bDesclée de Brouwer,
_c1957 (
_fGómez)
490 1 _aSpiritus ;
_v14
700 1 _aMolina Pico, Isabel.
_981958
830 0 _aSpiritus ;
_v14
_9181888
852 _aES-MaACL
_jC-12530
_bR.40550
999 _c90769
_d90769